书目信息 |
| 题名: |
化工原理
|
|
| 作者: | 蒋维钧 , 余立新 编著 | |
| 分册: | ||
| 出版信息: | 北京 清华大学出版社 2005.10 |
|
| 页数: | 460页 | |
| 开本: | 26cm | |
| 丛书名: | ||
| 单 册: | ||
| 中图分类: | TQ02 | |
| 科图分类: | ||
| 主题词: | 化工过程:物理化学过程 , 化工过程 , 分离--化工教程--高等学校--教材 | |
| 电子资源: | ||
| ISBN: | 7-302-11140-5 | |
| 000 | 00742nam0 2200241 450 | |
| 001 | 0636305187 | |
| 005 | 20061010163051.56 | |
| 010 | @a7-302-11140-5@dCNY 39.80 | |
| 100 | @a20060818d2005 km y0chiy0120 ea | |
| 101 | 0 | @achi |
| 102 | @aCN@b110000 | |
| 200 | 1 | @a化工原理@Ahua gong yuan li@e化工分离过程@f蒋维钧,余立新编著@Fjiang wei jun,yu li xin bian zhu |
| 210 | @a北京@c清华大学出版社@d2005.10 | |
| 215 | @a460页@d26cm | |
| 517 | 1 | @a化工分离过程@Ahua gong fen li guo cheng |
| 606 | 0 | @a化工过程:物理化学过程 |
| 606 | 0 | @a化工过程 |
| 606 | 0 | @a分离@x化工教程@x高等学校@x教材 |
| 690 | @aTQ02@v4 | |
| 701 | 0 | @a蒋维钧@Ajiang wei jun@4编著 |
| 701 | 0 | @a余立新@Ayu li xin@4编著 |
| 801 | @aCN@c20061010 | |
| 905 | @a10447@dTQ02@eJ592 | |
| 化工原理:化工分离过程/蒋维钧,余立新编著.-北京:清华大学出版社,2005.10 |
| 460页;26cm |
| ISBN 7-302-11140-5:CNY 39.80 |
| ● |
| 相关链接 |
|
|
|
正题名:化工原理
索取号:TQ02/J592
 
预约/预借
| 序号 | 登录号 | 条形码 | 馆藏地/架位号 | 状态 | 备注 |
| 1 | 608449 | 206084495 | 材料与化工学院资料室/ [索取号:TQ02/J592] | 在馆 | |
| 2 | 608450 | 206084501 | 自科库501/501自科库 137排5列1层/ [索取号:TQ02/J592] | 在馆 | |
| 3 | 608451 | 206084510 | 自科库501/501自科库 137排5列1层/ [索取号:TQ02/J592] | 在馆 |